Library : the drama within
Αποθηκεύτηκε σε:
| Άλλοι συγγραφείς: | , |
|---|---|
| Μορφή: | Βιβλίο |
| Γλώσσα: | English |
| Δημοσίευση: |
Albuquerque :
University of New Mexico Press ,
c1996.
|
| Θέματα: | |
| Ετικέτες: |
Προσθήκη ετικέτας
Δεν υπάρχουν, Καταχωρήστε ετικέτα πρώτοι!
|
MARC
| LEADER | 00000cam a2200000 i 4500 | ||
|---|---|---|---|
| 001 | 1/71929 | ||
| 008 | 050222s1996 mx | ||| |||| ||eng|| | ||
| 020 | |a 082631693X | ||
| 035 | |l 10076675 | ||
| 040 | |a GR-MyUa |b gre |e AACR2 | ||
| 041 | 0 | |a eng | |
| 082 | 7 | |a 027.00222 |2 (21) | |
| 100 | 1 | |a Griliches, Diane Asséo, |d 1931- |e pht | |
| 245 | 1 | 0 | |a Library : |b the drama within / |c Dianne Assio Griliches ; essay by Daniel J. Boorstin. |
| 260 | |a Albuquerque : |b University of New Mexico Press , |c c1996. | ||
| 300 | |a xi, 132 σ. : |b εικ. ; |c 23 εκ. | ||
| 500 | |a Στη σελίδα τίτλου: " In association with the Center for the Book in the Library of Congress, Washington, D.C." | ||
| 650 | 0 | |a Libraries |x Pictorial works. | |
| 700 | 1 | |a Boorstin, Daniel J. |q (Daniel Joseph), |d 1914-2004. | |
| 852 | |a INST |b SYROS |e 20050222 |h 027.00222 GRI |p 005500005480 |q 005500005480 |t BK |y 0 | ||
| 901 | |a BIBL5-2005-1 | ||
| 922 | |a 5ΕΛΗ |b 200307 |c Βιβλιοθήκη Σύρου |d Παπασωτηρίου | ||
| 950 | |a 188-2003-07-04 | ||
| 970 | |a Κοντού |b Παρασκευή |z 22/02/2005 | ||